[Event "Gibraltar Masters 12th"]
[Site "Caleta"]
[Date "2014.02.03"]
[Round "7"]
[White "Mekhitarian, Krikor Sevag"]
[Black "Munguntuul, Batkhuyag"]
[Result "1-0"]
[WhiteElo "2566"]
[BlackElo "2438"]
[Annotator "Mekhitarian,K"]
[PlyCount "81"]
[EventDate "2014.01.28"]
[EventType "swiss"]
[EventRounds "10"]
[EventCountry "ENG"]
[SourceTitle "CBM 159"]
[Source "ChessBase"]
[SourceDate "2014.03.17"]
[SourceVersion "1"]
[SourceVersionDate "2014.03.17"]
[SourceQuality "1"]

1. e4 c5 2. Nf3 e6 3. d4 cxd4 4. Nxd4 Nc6 5. Nc3 Qc7 6. Be3 a6 7. Be2 Nf6 8.
O-O b5 {This came as a surprise to me, since my opponent had played only ...
Bb4 or ...Be7 here.} 9. Nxc6 $1 {The standard reaction to these kind of quick .
..b5 moves. White has to play actively, otherwise Black will just seize the
initiative, against a passive 9.a3?!, for example} (9. a3 Bb7 {tends to be
decent for Black.}) 9... dxc6 10. f4 {I knew this was typical, but I wasn't so
sure of the theory. Thus, I spent some time wondering what happens if she
takes my e4-P.} Bb7 (10... b4 $2 {This felt completely wrong to me, but I
wanted to check it anyway} 11. Na4 {was my initial idea} (11. e5 $5 {turns out
to be very interesting as well} bxc3 12. exf6 cxb2 13. Rb1 gxf6 14. Rxb2 $44 {
with strong compensation}) 11... Nxe4 $2 12. Bf3 Nf6 13. Bb6 Qd7 $4 14. Bxc6
$18 {oops!}) (10... e5 {would be typical, but White is very active after} 11.
fxe5 Qxe5 12. Kh1 $1 {Bd4 is a real threat now} Be6 (12... Bc5 13. Bf4 $16 {
has to be bad for Black as well. e5, Bf3 is coming, and the mighty K is still
on e8}) 13. Bd4 Qc7 14. a4 $1 $146 Rd8 {A crazy line; this doesn't work either.
} (14... b4 15. e5 Nd5 (15... Nd7 $6 16. Ne4 Nxe5 17. Ng5 $1 $18 {just a
sample line for how dangerous this is}) 16. Ne4 $16) 15. axb5 c5 (15... Bc5 16.
Bxc5 $1 Rxd1 17. Rfxd1 $1 cxb5 18. b4 $18 {when clearly things have failed for
Black}) 16. b6 $1 Qb8 17. Rxa6 Rxd4 18. Bb5+ Nd7 19. Qa1 $1 $18) 11. e5 Rd8 12.
Qe1 $1 {Now if Black tries anything different, like 12...Nd7, White is quite
fast on the K-side.} Nd5 {This doesn't change the evaluation much, I believe
the whole line to be highly problematic for Black.} (12... Nd7 13. Ne4 c5 14.
Bf3 $16 {looks definitely unpleasant.}) 13. Nxd5 cxd5 14. c3 Bc5 15. Bd4 $1 {
Now I'm always retaking with a P on d4, so my attack on the K-side could
become even stronger. It would also end possible b4 ideas for Black.} O-O 16.
Bd3 g6 17. Qe3 Bxd4 18. cxd4 $16 {I felt Black would have some counterplay
when I started pushing my K-side Ps, but generally, it has to be very good for
White. As it turns out, she had interesting ways to defend, but it's not a
position you are wishing to get as Black.} Qe7 19. Rae1 {Preparing the K-side
storm with g4 (or even f5 at once, eventually).} Rc8 20. Rf3 Rc6 $5 {An
interesting defensive idea, controlling the 3rd rank, after White gets f5 (or
also if Black plays f5 himself, the c6-R would defend the e6-P).} 21. g4 f5 $6
{This felt like forced to me during the game.} (21... Bc8 $1 {I didn't pay
much attention to these kind of moves. But it's an interesting defensive idea.
I don't see clearly how to proceed If I go for the breakthrough right away.}
22. Kh1 $5 $16 {perhaps preparing it could be stronger, trying to force Black
to play ...f5 soon} (22. f5 $6 exf5 23. gxf5 gxf5 24. Bxf5 Bxf5 25. Rxf5 Kh8 $1
$13)) 22. exf6 Qxf6 23. g5 $1 Qd8 (23... Qg7 {I was expecting something like
this, but it's also very difficult after} 24. h4 $40 {when White has a clear
breakthrough idea with h5, and Black has to be watching it - the Qside
counterplay is just too slow.}) 24. h4 $1 Rf7 25. h5 gxh5 26. f5 $1 (26. Kg2 $5
$18 {was the quiet road, with Rh1 next, and I think Black is hopeless. But I
felt like the straightforward approach would be good enough.}) 26... exf5 27.
Rxf5 Bc8 $2 {Losing by force.} (27... Rcc7 $1 {here I wasn't so sure how to go,
honestly. I had my eyes on Re5, or Rxf7 followed by g6. Some of the following
lines are kind of unrealistic, meaning this would be a good defensive try} 28.
Rxf7 (28. Re5 $5 Rf8 (28... Bc6 29. Rc1 $1 $18 {never crossed my mind as well,
now Re6 is a strong threat}) 29. Rf1 $1 {disturbing Black's defensive setup}
Bc6 (29... Rxf1+ 30. Bxf1 Kf8 31. Bd3 {with a winning attack. For example:} Bc6
32. Rf5+ Kg8 33. Qe6+ Kh8 34. Qh6 {[%cal Gf5f8]} Kg8 35. Rf6 $18) 30. Rc1 $1
$18) 28... Rxf7 29. g6 hxg6 30. Bxg6 Rf8 $1 (30... Rc7 {a funny position, both
Ks are totally exposed, Black has even a P up, but White's nice piece
coordination gives him a winning advantage in many ways (I wasn't so sure
during the game)} 31. Qe5 $1 $18 {since Rg7 is never possible (because of Qe8
and mate), there are no moves. White is basically going for Qxh5, Kh1-Rg1 at
some point, or even Re2-Rg2 right away}) 31. Qh6 {I thought about this for a
second, but Qd7 looked very good to me, going for Qg4+, and also Qg7 eventually
} Qd7 32. Kh2 $1 {threatening Bh7+! followed by Rg1+, etc} Rf2+ 33. Kg3 Rf8 34.
Re6 $3 {what better way to close the c8-h3 diagonal? Bh7+ threatened again} h4+
35. Kh2 Rf2+ 36. Kg1 Qxe6 37. Bh7+ Kf7 38. Bg8+ Kxg8 39. Qxe6+ Rf7 40. Kg2 $18
{Basically, it was humanly impossible to find all this after the stubborn 30...
Rf8!}) 28. Rxf7 $18 Kxf7 29. Qf3+ $1 Kg7 (29... Kg8 30. Qxh5 $18) 30. Qxh5 h6
31. Re5 $1 {The simplest. Black is defenseless against gxh6+ and Rg5+.} Bd7 32.
gxh6+ Kh8 33. Qf7 $1 Rc1+ (33... Rxh6 34. Rh5 $1 {winning the Q nicely} Rxh5
35. Qxh5+ Kg7 36. Qh7+ Kf8 37. Qh8+ Ke7 38. Qh4+ $1 Ke8 39. Bg6+) 34. Kg2 Qg8+
35. Qxg8+ Kxg8 36. Re7 Bh3+ 37. Kxh3 Rh1+ 38. Kg3 Rxh6 39. Kf4 Rh4+ 40. Ke5 Rh2
41. Kf6 {I was very happy to win this game and keep on fighting in Gibraltar
with 5 out of 7. The question remains on how to improve this 8...b5 idea,
which seems to give White a solid advantage in all lines so far.} 1-0

[Event "Pocos de Caldas op"]
[Site "Pocos de Caldas"]
[Date "2014.02.14"]
[Round "1"]
[White "Pastana, Rafael Pedroni"]
[Black "Mekhitarian, Krikor Sevag"]
[Result "0-1"]
[WhiteElo "1888"]
[BlackElo "2572"]
[PlyCount "44"]
[EventDate "2014.02.14"]
[EventType "swiss"]
[EventRounds "6"]
[EventCountry "BRA"]
[SourceTitle "CBM 158 Extra"]
[Source "ChessBase"]
[SourceDate "2014.02.28"]
[SourceVersion "1"]
[SourceVersionDate "2014.02.28"]
[SourceQuality "1"]

1. d4 Nf6 2. c4 e6 3. Nc3 Bb4 4. Qc2 d5 5. cxd5 exd5 6. Nf3 c5 7. e3 O-O 8.
dxc5 Nc6 9. Bd3 Bg4 10. Nd4 Bxc5 11. Nxc6 bxc6 12. O-O Bd6 13. h3 Bd7 14. b3
Qe7 15. Bb2 Qe5 16. f4 Qxe3+ 17. Kh1 Rfe8 18. Rf3 Qe7 19. g4 d4 20. Ne2 c5 21.
Kh2 Bc6 22. Rg3 Be4 0-1

[Event "Pocos de Caldas op"]
[Site "Pocos de Caldas"]
[Date "2014.02.14"]
[Round "2"]
[White "Mekhitarian, Krikor Sevag"]
[Black "De Moraes, Pedro Henrique M"]
[Result "1-0"]
[WhiteElo "2572"]
[BlackElo "2046"]
[PlyCount "79"]
[EventDate "2014.02.14"]
[EventType "swiss"]
[EventRounds "6"]
[EventCountry "BRA"]
[SourceTitle "CBM 158 Extra"]
[Source "ChessBase"]
[SourceDate "2014.02.28"]
[SourceVersion "1"]
[SourceVersionDate "2014.02.28"]
[SourceQuality "1"]

1. d4 d5 2. c4 Bf5 3. cxd5 Bxb1 4. Rxb1 Qxd5 5. e3 e5 6. dxe5 Bb4+ 7. Bd2 Bxd2+
8. Qxd2 Qxd2+ 9. Kxd2 Nc6 10. Nf3 f6 11. exf6 O-O-O+ 12. Bd3 Nxf6 13. Ke2 Rd5
14. Rhd1 Rhd8 15. Bc4 Rxd1 16. Rxd1 Rxd1 17. Kxd1 a6 18. Ke2 Kd7 19. Nd2 Ne5
20. Bb3 c5 21. f4 Nc6 22. Bc2 b6 23. g4 h6 24. h4 Nb4 25. Bf5+ Ke7 26. a3 Nbd5
27. g5 hxg5 28. hxg5 Ne8 29. Kf3 Nd6 30. Bc2 b5 31. e4 Nb6 32. b3 a5 33. e5 Nf7
34. Bd3 Nd8 35. Bxb5 Ne6 36. Ke4 Nd4 37. Bc4 Nxc4 38. Nxc4 Nxb3 39. f5 a4 40.
Kd5 1-0

[Event "Pocos de Caldas op"]
[Site "Pocos de Caldas"]
[Date "2014.02.15"]
[Round "3"]
[White "Carvalho, Herbert Abreu"]
[Black "Mekhitarian, Krikor Sevag"]
[Result "0-1"]
[WhiteElo "2193"]
[BlackElo "2572"]
[PlyCount "102"]
[EventDate "2014.02.14"]
[EventType "swiss"]
[EventRounds "6"]
[EventCountry "BRA"]
[SourceTitle "CBM 158 Extra"]
[Source "ChessBase"]
[SourceDate "2014.02.28"]
[SourceVersion "1"]
[SourceVersionDate "2014.02.28"]
[SourceQuality "1"]

1. d4 Nf6 2. Nf3 g6 3. c4 Bg7 4. g3 d5 5. Bg2 dxc4 6. Qa4+ Nfd7 7. O-O Nc6 8.
Qxc4 Nb6 9. Qc2 O-O 10. Nc3 Bg4 11. e3 Qd7 12. a3 Rad8 13. Ne4 Bf5 14. Nh4 e5
15. Nxf5 Qxf5 16. dxe5 Nxe5 17. Bd2 Nd5 18. Rac1 Nf3+ 19. Bxf3 Qxf3 20. Ng5 Qh5
21. e4 Nf6 22. Qd1 h6 23. Qxh5 gxh5 24. Nf3 Rd3 25. Kg2 Nxe4 26. Bb4 Rc8 27.
Rfe1 Nf6 28. Bc3 Rd7 29. Nh4 Nd5 30. Bxg7 Kxg7 31. Re5 Nf6 32. Rce1 Rcd8 33.
Nf5+ Kg6 34. Nh4+ Kh7 35. Rf5 Kg7 36. Re3 Rd3 37. Re7 R8d7 38. Rxd7 Rxd7 39.
Nf3 Rd3 40. Re5 Kf8 41. Rf5 Kg7 42. Re5 Rd5 43. Re7 Rd7 44. Re5 c6 45. b4 Kf8
46. Rf5 Rd6 47. a4 Ke7 48. Ra5 a6 49. Nh4 Rd5 50. Nf5+ Ke6 51. Ng7+ Ke5 0-1

[Event "Pocos de Caldas op"]
[Site "Pocos de Caldas"]
[Date "2014.02.15"]
[Round "4"]
[White "Mekhitarian, Krikor Sevag"]
[Black "Abdalla, Jose Lucas Aurelli"]
[Result "1-0"]
[WhiteElo "2572"]
[BlackElo "2081"]
[PlyCount "69"]
[EventDate "2014.02.14"]
[EventType "swiss"]
[EventRounds "6"]
[EventCountry "BRA"]
[SourceTitle "CBM 158 Extra"]
[Source "ChessBase"]
[SourceDate "2014.02.28"]
[SourceVersion "1"]
[SourceVersionDate "2014.02.28"]
[SourceQuality "1"]

1. d4 b6 2. e4 Bb7 3. Bd3 e6 4. Nf3 Nf6 5. Qe2 Be7 6. O-O d6 7. c4 Nbd7 8. Nc3
e5 9. d5 a5 10. g3 Bc8 11. Nh4 Nc5 12. Bc2 g6 13. Rb1 Bh3 14. Ng2 h5 15. Re1
Qd7 16. f3 Nh7 17. Be3 Qd8 18. Qf2 g5 19. a3 Rg8 20. b4 axb4 21. axb4 Nd7 22.
Ra1 Rg6 23. Nb5 Rc8 24. Na7 Ra8 25. Ra4 Nb8 26. Rea1 Bd7 27. R4a2 Kf8 28. Nb5
Rxa2 29. Rxa2 Bxb5 30. cxb5 Nd7 31. Bd3 Ndf6 32. Ra7 Ne8 33. Qc2 Kg7 34. Qc6
Nef6 35. Qxc7 1-0

[Event "Pocos de Caldas op"]
[Site "Pocos de Caldas"]
[Date "2014.02.16"]
[Round "5"]
[White "Quintiliano Pinto, Renato Rodrigues"]
[Black "Mekhitarian, Krikor Sevag"]
[Result "1/2-1/2"]
[WhiteElo "2349"]
[BlackElo "2572"]
[PlyCount "121"]
[EventDate "2014.02.14"]
[EventType "swiss"]
[EventRounds "6"]
[EventCountry "BRA"]
[SourceTitle "CBM 158 Extra"]
[Source "ChessBase"]
[SourceDate "2014.02.28"]
[SourceVersion "1"]
[SourceVersionDate "2014.02.28"]
[SourceQuality "1"]

1. d4 d5 2. c4 c6 3. Nc3 Nf6 4. e3 a6 5. Nf3 e6 6. c5 b6 7. cxb6 Nbd7 8. Be2 c5
9. O-O Nxb6 10. dxc5 Bxc5 11. e4 O-O 12. Bg5 Be7 13. exd5 Nfxd5 14. Nxd5 Nxd5
15. Bxe7 Qxe7 16. Qd4 Bb7 17. Rfd1 Rac8 18. Rac1 h6 19. a3 Rfd8 20. Rxc8 Rxc8
21. Ne5 Qg5 22. h4 Nf4 23. hxg5 Nxe2+ 24. Kh2 Nxd4 25. Rxd4 Rc2 26. Rb4 Bd5 27.
Kg3 Rc8 28. gxh6 gxh6 29. Nd7 Kh8 30. Nb6 Rc5 31. Na4 Rc2 32. Nc3 Kg7 33. Rb6
Bc4 34. Rb4 Bd3 35. Rd4 Bg6 36. Rb4 h5 37. Nd1 Rd2 38. Ne3 e5 39. Nc4 Re2 40.
f3 Bd3 41. Nd6 Rd2 42. Rb7 Kf6 43. Ne4+ Bxe4 44. fxe4 a5 45. Ra7 Rxb2 46. Rxa5
Rc2 47. Kh4 Rxg2 48. Kxh5 Rg3 49. a4 Re3 50. Ra6+ Kg7 51. Kg5 Rxe4 52. Kf5 Re1
53. a5 e4 54. Kf4 e3 55. Kf3 f5 56. Re6 f4 57. Kxf4 Rf1+ 58. Kg3 Ra1 59. a6 e2
60. Kf2 e1=Q+ 61. Rxe1 1/2-1/2

[Event "Pocos de Caldas op"]
[Site "Pocos de Caldas"]
[Date "2014.02.16"]
[Round "6"]
[White "Mekhitarian, Krikor Sevag"]
[Black "Sztokbant, Bernardo Vainzoff"]
[Result "1-0"]
[WhiteElo "2572"]
[BlackElo "2210"]
[PlyCount "113"]
[EventDate "2014.02.14"]
[EventType "swiss"]
[EventRounds "6"]
[EventCountry "BRA"]
[SourceTitle "CBM 158 Extra"]
[Source "ChessBase"]
[SourceDate "2014.02.28"]
[SourceVersion "1"]
[SourceVersionDate "2014.02.28"]
[SourceQuality "1"]

1. d4 d5 2. c4 e6 3. Nc3 Be7 4. Nf3 Nf6 5. Bf4 O-O 6. a3 b6 7. cxd5 Nxd5 8.
Nxd5 exd5 9. g3 Be6 10. Bg2 Nd7 11. O-O c5 12. h4 Nf6 13. Ne5 Qe8 14. Rc1 Rc8
15. Re1 Qb5 16. b3 Rfd8 17. a4 Qe8 18. e3 Ne4 19. Qe2 f6 20. Nd3 f5 21. Be5 Bf7
22. Nf4 Bf6 23. Bxf6 Nxf6 24. Qa6 Qe7 25. Red1 Rc7 26. a5 cxd4 27. exd4 Rxc1
28. Rxc1 Qa3 29. Rc8 Qa1+ 30. Bf1 Re8 31. axb6 Qxa6 32. Bxa6 axb6 33. Rc6 Rb8
34. Bc8 Be8 35. Rc7 g6 36. Be6+ Kf8 37. Bxd5 Nxd5 38. Nxd5 Bf7 39. Nf6 Rd8 40.
Nxh7+ Kg8 41. Nf6+ Kf8 42. Nd7+ Ke8 43. Nf6+ Kf8 44. Rd7 Rxd7 45. Nxd7+ Ke7 46.
Ne5 Bxb3 47. Nxg6+ Kd6 48. Nf4 b5 49. Kf1 b4 50. Ke1 Bg8 51. Kd2 Kc6 52. Kc2
Kb5 53. d5 Kc5 54. Kb3 Bf7 55. h5 Kd4 56. Kxb4 Ke4 57. d6 1-0

[Event "Sao Paulo op 04"]
[Site "Sao Paulo"]
[Date "2014.04.??"]
[Round "1"]
[White "Mekhitarian, Krikor Sevag"]
[Black "El Debs, Felipe de Cresce"]
[Result "1/2-1/2"]
[WhiteElo "2562"]
[BlackElo "2511"]
[PlyCount "57"]
[EventDate "2014.04.??"]
[EventType "team-match"]
[EventRounds "7"]
[EventCountry "BRA"]
[SourceTitle "EXT 2015"]
[Source "ChessBase"]
[SourceDate "2014.11.20"]
[SourceVersion "1"]
[SourceVersionDate "2014.11.20"]
[SourceQuality "1"]

1. e4 c6 2. d4 d5 3. e5 c5 4. dxc5 Nc6 5. Nf3 Bg4 6. c3 a6 7. Nbd2 Nxe5 8. Be2
Nxf3+ 9. Nxf3 Nf6 10. Bg5 Ne4 11. Be3 Rc8 12. h3 Bxf3 13. Bxf3 e6 14. Bxe4 dxe4
15. b4 Be7 16. Qc2 f5 17. Rd1 Qc7 18. O-O Kf7 19. f3 exf3 20. Rxf3 Rcd8 21. Re1
Bh4 22. Re2 Qd7 23. Bd4 Bf6 24. Rd2 Qc7 25. Bxf6 Kxf6 26. Rfd3 b6 27. Rxd8 Rxd8
28. Rxd8 Qxd8 29. Qf2 1/2-1/2

[Event "Sao Paulo op 04"]
[Site "Sao Paulo"]
[Date "2014.04.??"]
[Round "3"]
[White "Mekhitarian, Krikor Sevag"]
[Black "Matsuura, Everaldo"]
[Result "1-0"]
[WhiteElo "2562"]
[BlackElo "2460"]
[PlyCount "105"]
[EventDate "2014.04.??"]
[EventType "team-match"]
[EventRounds "7"]
[EventCountry "BRA"]
[SourceTitle "EXT 2015"]
[Source "ChessBase"]
[SourceDate "2014.11.20"]
[SourceVersion "1"]
[SourceVersionDate "2014.11.20"]
[SourceQuality "1"]

1. d4 Nf6 2. c4 d6 3. Nf3 Nbd7 4. Nc3 e5 5. e4 Be7 6. Be2 O-O 7. O-O c6 8. Qc2
Re8 9. d5 a5 10. Rd1 g6 11. h3 Nh5 12. dxc6 bxc6 13. c5 Qc7 14. cxd6 Bxd6 15.
Ng5 Ndf6 16. Bc4 Re7 17. Be3 h6 18. Nf3 Nf4 19. Bxf4 exf4 20. e5 Bf5 21. exd6
Bxc2 22. dxc7 Bxd1 23. Rxd1 Rxc7 24. Rd4 Nh5 25. Ne5 Kg7 26. Be2 Nf6 27. Rxf4
Re8 28. Nd3 Rd7 29. Kf1 Nd5 30. Rc4 Rde7 31. Nxd5 Rxe2 32. Ne3 Rd2 33. Rd4 c5
34. Rd7 c4 35. Ne5 Rxb2 36. N3xc4 Rxa2 37. Rxf7+ Kg8 38. g4 Ra1+ 39. Kg2 a4 40.
Rf6 a3 41. Rxg6+ Kh7 42. Ra6 a2 43. Ra7+ Kg8 44. h4 Rb8 45. Nd7 Rb7 46. Nf6+
Kf8 47. Ra8+ Kg7 48. Nh5+ Kh7 49. Nf6+ Kg7 50. Nd6 Rbb1 51. Nh5+ Kh7 52. Ra7+
Kh8 53. Nf6 1-0

[Event "Sao Paulo op 04"]
[Site "Sao Paulo"]
[Date "2014.04.??"]
[Round "4"]
[White "Mekhitarian, Krikor Sevag"]
[Black "Sega, Carlos Alberto"]
[Result "1-0"]
[WhiteElo "2562"]
[BlackElo "2209"]
[PlyCount "73"]
[EventDate "2014.04.??"]
[EventType "team-match"]
[EventRounds "7"]
[EventCountry "BRA"]
[SourceTitle "EXT 2015"]
[Source "ChessBase"]
[SourceDate "2014.11.20"]
[SourceVersion "1"]
[SourceVersionDate "2014.11.20"]
[SourceQuality "1"]

1. d4 Nf6 2. c4 e6 3. Nf3 b6 4. g3 Bb7 5. Bg2 Be7 6. O-O O-O 7. d5 Na6 8. Nd4
exd5 9. Nc3 Bb4 10. Nxd5 Nxd5 11. cxd5 Re8 12. a3 Bd6 13. b4 Be5 14. Bb2 c5 15.
dxc6 Bxc6 16. Nxc6 dxc6 17. Bxe5 Rxe5 18. Bxc6 Qxd1 19. Rfxd1 Rf8 20. e3 Nb8
21. Bd5 g6 22. Rac1 Re7 23. Bb3 Kg7 24. Rd6 h5 25. Kg2 Na6 26. Kf3 Rb8 27. h3
Nc7 28. Rdc6 Rb7 29. Bc4 Ne8 30. Rd1 Rb8 31. Ke2 Nf6 32. Rd4 Rbe8 33. g4 hxg4
34. hxg4 Rb8 35. Rf4 Ne4 36. Bxf7 Rf8 37. Bxg6 1-0

[Event "Sao Paulo op 04"]
[Site "Sao Paulo"]
[Date "2014.04.??"]
[Round "5"]
[White "Diaz Hollemaert, Nahuel Carlos"]
[Black "Mekhitarian, Krikor Sevag"]
[Result "1/2-1/2"]
[WhiteElo "2430"]
[BlackElo "2562"]
[PlyCount "155"]
[EventDate "2014.04.??"]
[EventType "team-match"]
[EventRounds "7"]
[EventCountry "BRA"]
[SourceTitle "EXT 2015"]
[Source "ChessBase"]
[SourceDate "2014.11.20"]
[SourceVersion "1"]
[SourceVersionDate "2014.11.20"]
[SourceQuality "1"]

1. c4 Nf6 2. Nc3 e5 3. Nf3 Nc6 4. a3 d5 5. cxd5 Nxd5 6. Qc2 Be6 7. e3 Bd6 8.
Bb5 O-O 9. Nxd5 Bxd5 10. e4 Be6 11. Bxc6 bxc6 12. d3 Qb8 13. Qxc6 Qb3 14. Qc3
Rab8 15. O-O Qxc3 16. bxc3 Rb3 17. d4 f6 18. d5 Bd7 19. Be3 Rxc3 20. Bxa7 Ra8
21. Be3 Raxa3 22. Rxa3 Rxa3 23. Rc1 f5 24. exf5 Bxf5 25. h3 Be4 26. Bc5 Ra8 27.
Ng5 Bxd5 28. Bxd6 cxd6 29. Rd1 Ra5 30. Rb1 Kf8 31. Nxh7+ Ke7 32. Rb8 Ra4 33.
Kh2 Rh4 34. Ng5 Kf6 35. g3 Rd4 36. h4 Rd2 37. Kh3 Ke7 38. f3 Rd3 39. Kg4 g6 40.
Rh8 Rd4+ 41. Kh3 e4 42. Rh7+ Ke8 43. fxe4 Bxe4 44. g4 Rd3+ 45. Kh2 Bf3 46. h5
gxh5 47. gxh5 Bxh5 48. Rxh5 Ke7 49. Kg2 Kd7 50. Nf3 Kc6 51. Kf2 Kd7 52. Ke2 Ra3
53. Nd4 Ke7 54. Rh6 d5 55. Rb6 Rh3 56. Nf3 Kd7 57. Ke3 Kc7 58. Rf6 d4+ 59. Kxd4
Rh1 60. Rf7+ Kd6 61. Rf6+ Kc7 62. Kd5 Rf1 63. Rf4 Rd1+ 64. Nd4 Kb6 65. Rf7 Rh1
66. Rf6+ Kb7 67. Nb3 Rh5+ 68. Kc4 Kc7 69. Nc5 Rh1 70. Nd3 Rh5 71. Kd4 Rg5 72.
Ne5 Rg1 73. Kc5 Rc1+ 74. Nc4 Kd7 75. Kd5 Rd1+ 76. Ke5 Re1+ 77. Kd5 Rd1+ 78. Ke5
1/2-1/2

[Event "Sao Paulo op 04"]
[Site "Sao Paulo"]
[Date "2014.04.??"]
[Round "6"]
[White "Mekhitarian, Krikor Sevag"]
[Black "Vescovi, Giovanni P"]
[Result "1/2-1/2"]
[WhiteElo "2562"]
[BlackElo "2606"]
[PlyCount "94"]
[EventDate "2014.04.??"]
[EventType "team-match"]
[EventRounds "7"]
[EventCountry "BRA"]
[SourceTitle "EXT 2015"]
[Source "ChessBase"]
[SourceDate "2014.11.20"]
[SourceVersion "1"]
[SourceVersionDate "2014.11.20"]
[SourceQuality "1"]

1. e4 e5 2. Nf3 Nc6 3. d4 exd4 4. Nxd4 Bc5 5. Nb3 Bb6 6. Qe2 d6 7. Nc3 Be6 8.
Be3 Qd7 9. O-O-O O-O-O 10. Nc5 Qe8 11. Nxe6 Qxe6 12. Bxb6 axb6 13. g3 Kb8 14.
Bg2 Nge7 15. f4 f6 16. Bf3 g5 17. Bg4 Qf7 18. Bh5 Qg7 19. Rhf1 f5 20. fxg5
Qxg5+ 21. Kb1 Rhf8 22. exf5 Nxf5 23. Rf4 Ne3 24. Qxe3 Qxh5 25. Rh4 Qg6 26. a3
Ne5 27. Qe4 Qxe4 28. Nxe4 Rd7 29. Rf4 Rxf4 30. gxf4 Ng4 31. h3 Ne3 32. Re1 Nf5
33. Ng5 h6 34. Re8+ Ka7 35. Ne6 Ng7 36. Nxg7 Rxg7 37. Re6 Rg1+ 38. Ka2 Rf1 39.
Rxh6 Rxf4 40. Rh7 c6 41. h4 b5 42. b3 Kb6 43. Kb2 d5 44. h5 Rh4 45. h6 Rh3 46.
Kc1 Kc5 47. Rxb7 Rxh6 1/2-1/2

[Event "Sao Paulo op 04"]
[Site "Sao Paulo"]
[Date "2014.04.??"]
[Round "7"]
[White "Goncalves, Leonardo Yamamoto"]
[Black "Mekhitarian, Krikor Sevag"]
[Result "0-1"]
[WhiteElo "1949"]
[BlackElo "2562"]
[PlyCount "56"]
[EventDate "2014.04.??"]
[EventType "team-match"]
[EventRounds "7"]
[EventCountry "BRA"]
[SourceTitle "EXT 2015"]
[Source "ChessBase"]
[SourceDate "2014.11.20"]
[SourceVersion "1"]
[SourceVersionDate "2014.11.20"]
[SourceQuality "1"]

1. e4 c5 2. Nf3 d6 3. d4 cxd4 4. Nxd4 Nf6 5. Nc3 e6 6. Be2 Be7 7. Be3 Nc6 8.
Nb3 O-O 9. O-O a6 10. a4 b6 11. f4 Bb7 12. Bf3 Qc7 13. Qe2 Nb4 14. g4 d5 15. e5
Ne4 16. Bxe4 dxe4 17. Qf2 b5 18. a5 Rac8 19. Rfd1 f6 20. Nd4 Qc4 21. f5 exf5
22. Nxf5 Qe6 23. exf6 Rxf6 24. Nxe7+ Qxe7 25. Bg5 e3 26. Qg3 e2 27. Nxe2 Qc5+
28. Qe3 Qc6 0-1

[Event "Cuiaba Contaud op"]
[Site "Cuiaba"]
[Date "2014.05.01"]
[Round "1"]
[White "Mekhitarian, Krikor Sevag"]
[Black "Felix, Raimundo Nascimento"]
[Result "1-0"]
[WhiteElo "2562"]
[BlackElo "1935"]
[PlyCount "45"]
[EventDate "2014.05.01"]
[EventType "swiss"]
[EventRounds "6"]
[EventCountry "BRA"]
[SourceTitle "CBM 160 Extra"]
[Source "ChessBase"]
[SourceDate "2014.07.01"]
[SourceVersion "1"]
[SourceVersionDate "2014.07.01"]
[SourceQuality "1"]

1. e4 c5 2. Nf3 d6 3. d4 cxd4 4. Nxd4 Nf6 5. Nc3 a6 6. Bg5 Nbd7 7. Bc4 Qc7 8.
Bb3 e6 9. O-O Nc5 10. Bxf6 gxf6 11. Re1 b5 12. Qh5 Nxb3 13. axb3 Rb8 14. Nd5
exd5 15. exd5+ Be7 16. Nc6 Rb7 17. Rxe7+ Qxe7 18. Nxe7 Rxe7 19. Qh6 Kd7 20.
Qxf6 Rhe8 21. h3 Bb7 22. c4 Rg8 23. Qf5+ 1-0

[Event "Cuiaba Contaud op"]
[Site "Cuiaba"]
[Date "2014.05.02"]
[Round "2"]
[White "Barata, Adriano Albiani"]
[Black "Mekhitarian, Krikor Sevag"]
[Result "0-1"]
[WhiteElo "2157"]
[BlackElo "2562"]
[PlyCount "48"]
[EventDate "2014.05.01"]
[EventType "swiss"]
[EventRounds "6"]
[EventCountry "BRA"]
[SourceTitle "CBM 160 Extra"]
[Source "ChessBase"]
[SourceDate "2014.07.01"]
[SourceVersion "1"]
[SourceVersionDate "2014.07.01"]
[SourceQuality "1"]

1. Nf3 c5 2. c4 Nc6 3. g3 g6 4. Bg2 Bg7 5. O-O d6 6. Nc3 Bf5 7. d3 Qd7 8. Qb3
Rb8 9. Re1 Bh3 10. Bh1 h5 11. Nd5 h4 12. Bg5 hxg3 13. fxg3 Nh6 14. Bxh6 Rxh6
15. e3 Kf8 16. Qc2 b5 17. cxb5 Rxb5 18. Nc3 Rb8 19. Rab1 Bf5 20. Ne4 c4 21. a3
cxd3 22. Qxd3 d5 23. Nc5 Qd6 24. Qa6 Bxb1 0-1